000 00571nam a2200229Ia 4500
003 OSt
005 20221005120246.0
006 a|||||r|||| 00| 0
007 ta
008 221004b |||||||| |||| 00| 0 urd d
024 _a10439
037 _cTextual
040 _aCRL
_cCRL
_burd
041 _2urd
_aurd
082 _aO168,3N04,37, J1
100 _aQaisi Rampuri
_9628885
245 0 _aDil Ki Awaz
260 _c1951
650 _aURDU FICTION
_93298
942 _hO168,3N04,37, J1
_cTEXL
_2cc
999 _c1037433
_d1037433